Zwycięzcy wyścigów F1 w sezonie 2022 (bez Abu Dhabi) - Statystyki

Ogólne statystyki
  • Ten quiz został rozwiązany 111 razy
  • Średni wynik to 21 z 21
Statystyki odpowiedzi
Hint Odpowiedź % Poprawnych
Arabia Saudyjska Verstappen
100%
Włochy Verstappen
100%
Stany Zjednoczone Verstappen
100%
Hiszpania Verstappen
100%
Azerbejdżan Verstappen
100%
Kanada Verstappen
100%
Francja Verstappen
100%
Węgry Verstappen
100%
Belgia Verstappen
100%
Holandia Verstappen
100%
Włochy Verstappen
100%
Japonia Verstappen
100%
Stany Zjednoczone Verstappen
100%
Meksyk Verstappen
100%
Bahrain Leclerc
95%
Australia Leclerc
95%
Austria Leclerc
95%
Monako Perez
95%
Singapur Perez
95%
Wielka Brytania Sainz
94%
Brazylia Russell
88%
Nie znaleziono quizów pasujących do podanych kryteriów
Rozkład punktacji
Procent ludzi z każdym wynikiem
Percentyl według liczby udzielonych odpowiedzi
Twoja historia wyników
Nie rozwiązałeś tego quizu